Personnages de The 100 - Mort subite - Statistiques

Statistiques générales
  • Ce quiz a été pris 90 fois
  • Le résultat moyen est 10 sur 14
Answers on the Grid
Answers color-coded by a green-red scale on the quiz's grid according to % correct below.
Clarke
Bellamy
Octavia
Raven
John
Marcus
Jasper
Finn
Lincoln
Jaha
Wells
Jordan
Lexa
Indra
Sarah
Susannah
Conrad
Bella
Jorja
Lena
Java
Jamie
George
Alexia
Marceau
Olivia
 
Statistiques - réponses
Réponse % Correct
Raven
83%
Bellamy
81%
Octavia
78%
Finn
77%
Clarke
75%
Lexa
75%
Lincoln
75%
Jasper
70%
Jaha
67%
Indra
59%
Marcus
56%
Wells
56%
John
53%
Jordan
44%
Aucun quiz correspondant
Distribution des résultats
% des personnes avec chaque résultat
Percentile par nombre de réponses
Votre historique - résultats
Vous n’avez pas pris ce quiz